Witamy w Bibliotece Naukowej Instytutu Łączności!

Soedinenie i okoncevanie mednych i aljuminievych provodov i kabelej / (Rekord nr 3822)

000 -LEADER
fixed length control field 00377 a2200109 4500
100 1# - MAIN ENTRY--PERSONAL NAME
Personal name Birjukov, Ju. S..
Relator term Autor
245 0# - TITLE STATEMENT
Title Soedinenie i okoncevanie mednych i aljuminievych provodov i kabelej /
Statement of responsibility, etc Birjukov Ju. S., Chromcenko G. E..
250 ## - EDITION STATEMENT
Edition statement Izd. 3.
260 ## - PUBLICATION, DISTRIBUTION, ETC. (IMPRINT)
Place of publication, distribution, etc Moskva :
Name of publisher, distributor, etc Energija,
Date of publication, distribution, etc 1972.
300 ## - PHYSICAL DESCRIPTION
Extent 48 s.;
Dimensions 25 cm.
700 1# - ADDED ENTRY--PERSONAL NAME
Personal name Chromcenko, G. E..
Relator term Autor
710 2# - ADDED ENTRY--CORPORATE NAME
Corporate name or jurisdiction name as entry element Energija.
Relator term Wydawca
Relator code pbl

Brak dostępnych egzemplarzy.

Działa dzięki Koha